Small and Medium-sized Business in Slovakia
Analýza rozvoja malého a stredného podnikania na Slovensku z hľadiska funkcií, ktoré tento sektor má vo vyspelých ekonomikách. Štatistické údaje za obdobie r. 1990-1995. Špecifické črty malého a stredného podnikania s poukázaním na ich slabé a silné stránky, ako aj riziká pre ich ďalší rast. Úloha p...
Salvato in:
| Autore principale: | |
|---|---|
| Natura: | Capitolo di libro |
| Lingua: | slovacco |
| Soggetti: | |
| Tags: |
Nessun Tag, puoi essere il primo ad aggiungerne!!
|
MARC
| LEADER | 00000naa a2200000 4500 | ||
|---|---|---|---|
| 001 | r028192 | ||
| 005 | 20230918075008.5 | ||
| 041 | 0 | |a slo | |
| 044 | |a SK | ||
| 245 | 1 | 0 | |a Small and Medium-sized Business in Slovakia |c J. Foltín |
| 520 | |a Analýza rozvoja malého a stredného podnikania na Slovensku z hľadiska funkcií, ktoré tento sektor má vo vyspelých ekonomikách. Štatistické údaje za obdobie r. 1990-1995. Špecifické črty malého a stredného podnikania s poukázaním na ich slabé a silné stránky, ako aj riziká pre ich ďalší rast. Úloha podnikania v rozvojových, prechodných a vyspelých ekonomikách v reťazci tvorby hodnoty od dodávateľa cez výrobu/zhromažďovanie až po distribúciu. | ||
| 610 | 2 | 0 | |a podnikanie |
| 610 | 2 | 0 | |a Slovensko |
| 610 | 2 | 0 | |a podnik malý |
| 610 | 2 | 0 | |a podnik stredný |
| 610 | 2 | 0 | |a údaje štatistické |
| 610 | 2 | 0 | |a 1990-1995 |
| 610 | 2 | 0 | |a SVE |
| 610 | 2 | 0 | |a krajiny rozvojové |
| 610 | 2 | 0 | |a krajiny vyspelé |
| 100 | 1 | |a Foltín, J. | |